Непараметрическое оценивание нетто-премий для смешанного страхования жизни; Известия Томского политехнического университета [Известия ТПУ]; Т. 314, № 5: Управление, вычислительная техника и информатика
| Parent link: | Известия Томского политехнического университета [Известия ТПУ]/ Томский политехнический университет (ТПУ).— , 2000- Т. 314, № 5: Управление, вычислительная техника и информатика.— 2009.— [С. 236-240] |
|---|---|
| מחבר ראשי: | |
| מחברים אחרים: | |
| סיכום: | Заглавие с титульного листа Электронная версия печатной публикации Рассматривается задача оценивания нетто-премии в условиях смешанного страхования жизни. Синтезируется непараметрическая оценка нетто-премии, находится главная часть асимптотической среднеквадратической ошибки оценки и ее предельное распределение. Приводятся результаты статистического моделирования. |
| שפה: | רוסית |
| יצא לאור: |
2009
|
| סדרה: | Управление, вычислительная техника и информатика |
| נושאים: | |
| גישה מקוונת: | http://www.lib.tpu.ru/fulltext/v/Bulletin_TPU/2009/v314/i5/51.pdf |
| פורמט: | אלקטרוני Book Chapter |
| KOHA link: | https://koha.lib.tpu.ru/cgi-bin/koha/opac-detail.pl?biblionumber=175745 |
MARC
| LEADER | 00000nla2a2200000 4500 | ||
|---|---|---|---|
| 001 | 175745 | ||
| 005 | 20231031165138.0 | ||
| 035 | |a (RuTPU)RU\TPU\book\190539 | ||
| 035 | |a RU\TPU\book\190535 | ||
| 090 | |a 175745 | ||
| 100 | |a 20100217d2009 k y0rusy50 ca | ||
| 101 | 0 | |a rus | |
| 102 | |a RU | ||
| 135 | |a drnn ---uucaa | ||
| 181 | 0 | |a i | |
| 182 | 0 | |a b | |
| 200 | 1 | |a Непараметрическое оценивание нетто-премий для смешанного страхования жизни |b Электронный ресурс |f Г. М. Кошкин, Н. В. Ланкина | |
| 203 | |a Текст |c электронный | ||
| 215 | |a 1 файл (525 Кб) | ||
| 225 | 1 | |a Управление, вычислительная техника и информатика | |
| 230 | |a Электронные текстовые данные (1 файл : 525 Кб) | ||
| 300 | |a Заглавие с титульного листа | ||
| 300 | |a Электронная версия печатной публикации | ||
| 320 | |a [Библиогр.: с. 240 (8 назв.)] | ||
| 330 | |a Рассматривается задача оценивания нетто-премии в условиях смешанного страхования жизни. Синтезируется непараметрическая оценка нетто-премии, находится главная часть асимптотической среднеквадратической ошибки оценки и ее предельное распределение. Приводятся результаты статистического моделирования. | ||
| 337 | |a Adobe Reader | ||
| 461 | 1 | |0 (RuTPU)RU\TPU\book\176237 |t Известия Томского политехнического университета [Известия ТПУ] |f Томский политехнический университет (ТПУ) |d 2000- | |
| 463 | 1 | |0 (RuTPU)RU\TPU\book\190282 |x 1684-8519 |t Т. 314, № 5: Управление, вычислительная техника и информатика |v [С. 236-240] |d 2009 |p 263 с. | |
| 610 | 1 | |a нетто-премия | |
| 610 | 1 | |a страхование жизни | |
| 610 | 1 | |a асимптотические свойства | |
| 610 | 1 | |a непараметрическое оценивание | |
| 610 | 1 | |a электронный ресурс | |
| 700 | 1 | |a Кошкин |b Г. М. | |
| 701 | 1 | |a Ланкина |b Н. В. | |
| 801 | 1 | |a RU |b 63413507 |c 20090623 |g PSBO | |
| 801 | 2 | |a RU |b 63413507 |c 20211214 |g PSBO | |
| 856 | 4 | |u http://www.lib.tpu.ru/fulltext/v/Bulletin_TPU/2009/v314/i5/51.pdf | |
| 942 | |c CF | ||